Top Languages of New Brunswick - Statistics

General Stats
  • This quiz has been taken 197 times
  • The average score is 12 of 15
Answer Stats
Number of Speakers Language % Correct
698,025 English
99%
317,825 French
99%
7,580 Spanish
92%
3,250 German
87%
6,090 Arabic
86%
3,745 Hindi
85%
1,305 Italian
85%
1,450 Portuguese
83%
2,225 Russian
82%
3,180 Mandarin
79%
1,665 Korean
74%
4,225 Tagalog
66%
1,125 Vietnamese
63%
2,475 Punjabi
58%
2,605 Mi'kmaq
16%
No matching quizzes found
Score Distribution
Percent of People with Each Score
Percentile by Number Answered
Your Score History
You have not taken this quiz